000
00436nam a2200133Ia 4500
008
100204s9999 xx 000 0 und d
082
_b
4083
100
_a
राजे शैलजा
245
_a
स्वरांची लय
260
_b
"दिपज्योती प्रकाशन , पुणे"
_c
1973
630
_a
स्वरांची लय
730
_a
स्वरांची लय
942
_c
BOOK
999
_c
465711
_d
465708